| 000 | 00644nam a22002297a 4500 | ||
|---|---|---|---|
| 001 | 000556 | ||
| 003 | DO-SdBNP | ||
| 005 | 20220704123004.0 | ||
| 007 | 000556 | ||
| 008 | 161013b 2009 sp a|| 00| 0 spa d | ||
| 020 | _a9788483691236 | ||
| 040 |
_aBPMSU _bspa _cBPMSU |
||
| 082 |
_aR624 _bM385e 2009 _222 |
||
| 100 | 1 | _aMartínez, Alfredo | |
| 245 | 1 | 0 |
_aEnciclopedia del maestro albañil / _ctextos Alfredo Martínez. |
| 260 | 0 |
_aMadrid : _bGrupo Cultural, _c2009. |
|
| 300 |
_a432 p. : _bil. ; _c26 cm. |
||
| 650 | 4 | _aAlbañilería | |
| 650 | 4 | _aConstrucción | |
| 910 | _aVMateo V/Validado. Control de calidad MFF | ||
| 942 |
_2ddc _cBK |
||
| 999 |
_c11561 _d11561 |
||